|
|
|
|
| LEADER |
01552nam a22003377a 4500 |
| 001 |
38362 |
| 003 |
BD-DhAAL |
| 008 |
220412s2000 bg b 000 0dben d |
| 999 |
|
|
|c 44072
|d 44072
|
| 010 |
|
|
|a 2001416750
|
| 020 |
|
|
|a 9848245499
|
| 025 |
|
|
|a B-B-2001-416750; 13
|
| 035 |
|
|
|a (DLC) 2001416750
|
| 037 |
|
|
|b Library of Congress -- New Delhi Overseas Office
|c Tk400.00
|
| 040 |
|
|
|a DLC
|c DLC
|d BD-DhAAL
|
| 042 |
|
|
|a lcode
|
| 050 |
0 |
0 |
|a MLCSA 2002/01641
|a PK1718.D2613
|
| 082 |
|
|
|a 891.4416
|
| 245 |
0 |
0 |
|a জীবনানন্দ সমীক্ষণ /
|c মোহাম্মদ মনিরুজ্জামান সম্পাদিত
|
| 250 |
|
|
|a প্রথম প্রকাশ
|
| 260 |
|
|
|a ঢাকা :
|b পরমা,
|c ২০০০.
|
| 300 |
|
|
|a ৪৫৩ পৃষ্ঠা. ;
|c ২২ সে.মি.
|
| 504 |
|
|
|a গ্রন্থপঞ্জিগত নির্দেশিকা অন্তর্ভুক্ত।
|
| 520 |
|
|
|a Contributed articles on the works of Jibanananda Das, 1899-1954, Bengali poet.
|
| 541 |
|
|
|a Donated By Akbar Ali Khan
|e 38362
|
| 546 |
|
|
|a In Bengali.
|
| 600 |
1 |
0 |
|a Das, Jibanananda,
|d 1899-1954
|x Criticism and interpretation.
|9 47985
|
| 700 |
|
|
|a মনিরুজ্জামান, মোহাম্মদ
|9 47986
|
| 852 |
|
|
|a Ayesha Abed Library
|c Akbar Ali Khan Collection
|
| 942 |
|
|
|2 ddc
|c BK
|
| 952 |
|
|
|0 0
|1 0
|2 ddc
|4 0
|6 891_441600000000000_JIB
|7 1
|9 70511
|a BRACUL
|b BRACUL
|c CS1
|d 2022-04-12
|e Donated by Akbar Ali Khan
|l 0
|o 891.4416 JIB
|p 3010038362
|r 2022-04-12
|t 1
|w 2022-04-12
|y BK
|